| 000 | 00666nam a2200217Ia 4500 | ||
|---|---|---|---|
| 999 |
_c41262 _d41262 |
||
| 001 | 7915 | ||
| 003 | GE_BSU | ||
| 005 | 20220930121526.0 | ||
| 008 | 181216sru 2013xx |||||||||||||| ||rus|| | ||
| 020 | _a9785030036298 | ||
| 040 | _cGE_BSU | ||
| 041 | _arus | ||
| 080 | _a546(075.8) Ш-85 | ||
| 100 |
_aШрайвер,Д. _914921 |
||
| 245 |
_aНеорганическая химия Т.2 / _cД. Шрайвер, П. Эткинс |
||
| 264 |
_aМосква : _bМир, _c2013. |
||
| 300 |
_a486 стр.: _bилл; _c24 см. |
||
| 653 | _aНеорганическая химия | ||
| 653 | _aარაორგანული ქიმია | ||
| 942 |
_cBK _2udc |
||